Molecular driving forces: statistical thermodynamics in Biology, Chemistry, Physics, and Nanoscience
Сохранить в:
| Главные авторы: | , |
|---|---|
| Формат: | |
| Язык: | английский |
| Опубликовано: |
Nueva York
Garland Science
2010
|
| Редактирование: | 2a. ed |
| Предметы: | |
| Метки: |
Добавить метку
Нет меток, Требуется 1-ая метка записи!
|
MARC
| LEADER | 00000nam a2200000 a 4500 | ||
|---|---|---|---|
| 001 | UCG7231 | ||
| 003 | CL-VaPUC | ||
| 008 | 110701e20100000US |||||||||||||||||eng|d | ||
| 020 | |a 9780815344308 | ||
| 082 | 0 | 4 | |a 536.7 |b DIL |2 21 |
| 100 | 0 | |a Dill, Ken A |e author |9 557902 | |
| 700 | 0 | |a Bromberg, Sarina |e author |9 557903 | |
| 245 | 1 | 0 | |a Molecular driving forces: statistical thermodynamics in Biology, Chemistry, Physics, and Nanoscience |
| 250 | |a 2a. ed | ||
| 300 | |a 756 p | ||
| 942 | |c BK | ||
| 945 | |d 20110701 00:00:00 |a cmena | ||
| 260 | |a Nueva York |b Garland Science |c 2010 | ||
| 650 | 0 | |a Termodinámica |9 259320 | |
| 650 | 0 | |a Estadística matemática |9 260028 | |
| 650 | 0 | |a Física matemática |9 260981 | |
| 650 | 0 | |a Modelos matemáticos |9 259437 | |
| 650 | 0 | |a Moléculas |9 259584 | |
| 583 | |a last modification |c 20110701 00:00:00 |k Rodrigo Vera | ||
| 999 | |c 345292 |d 345290 | ||
| 952 | |0 0 |1 0 |4 0 |6 536_700000000000000_DIL_2010 |7 0 |8 A |9 443783 |a BIBCUR |b BIBCUR |d 2019-11-22 |i 478684K |o 536.7 DIL 2010 |p 478684K |r 2025-04-22 |w 2019-11-22 |y BK |k FIS | ||